| 000 | 00425nam a22001337a 4500 | ||
|---|---|---|---|
| 999 |
_c15719 _d15719 |
||
| 008 | 201104b ||||| |||| 00| 0 eng d | ||
| 082 |
_21979 _aDFil 657 _bP26 |
||
| 100 |
_aPasion, D. S. _942500 |
||
| 245 |
_aCost accounting. Part 1: _bjob order accounting/ _cD. S. Pasion |
||
| 260 |
_aManila: _bConanan Educational Supply, _c©1979. |
||
| 300 |
_a106 pages; _c22 cm. |
||
| 650 |
_aAccounting. _942517 |
||
| 942 |
_2ddc _cDFIL |
||